Failure mode and effect analysis: FMEA from theory to execution

Saved in:
Bibliographic Details
Main Author: Stamatis, D. H (Author)
Format: Book
Language:English
Published: Milwaukee ASQ 1995
Subjects:
Tags: Add Tag
No Tags, Be the first to tag this record!

MARC

LEADER 00000nam a2200000 a 4500
001 UCM7941
003 CL-VaPUC
008 030117e19950000US |||||||||||||||||eng|d
082 0 4 |a 620.00452  |b STA  |2 21 
100 0 |a Stamatis, D. H  |e author  |9 473738 
245 1 0 |a Failure mode and effect analysis: FMEA from theory to execution 
300 |a 494 p 
942 |c BK 
945 |d 20030117 00:00:00  |a vberengu 
260 |a Milwaukee  |b ASQ  |c 1995 
650 7 |a FIABILIDAD  |2 CL-VaPUC  |9 338543 
650 0 |a Ingeniería   |9 259380 
583 |a last modification  |c 20130618 09:58:44  |k Rodrigo Vera 
999 |c 302568  |d 302566 
952 |0 0  |1 0  |4 0  |6 620_004520000000000_STA_1995  |7 0  |8 A  |9 363236  |a BIBING  |b BIBING  |d 2019-11-21  |i 387494K  |o 620.00452 STA 1995  |p 387494K  |r 2025-01-20  |w 2019-11-21  |y BK  |k EII